Nat︠s︡ionalʹnoe i internat︠s︡ionalʹnoe v literature, folʹklore i i︠a︡zyke. : [Sbornik stateĭ /

Bibliographic Details
Corporate Author: Institutul de Limbė shi Literaturė (Akademii︠a︡ de Shtiint︠s︡e a RSSM)
Other Authors: Vartichan, I. K. (Editor)
Format: Book
Language:Russian
Published: Kishinev : "Shtiint︠s︡a,", 1971.
Subjects:

MARC

Tag First Indicator Second Indicator Subfields
LEADER 00000cam a2200000I 4500
001 in00001844021
005 20151026070656.0
008 830412s1971 mv b 000 0 rusr
010 |a  72345723  
015 |a USSR72-VKP 
035 |a (OCoLC)ocm09401452 
040 |a DLC  |c IAY  |d IAY  |d OCL  |d OCLCQ  |d TXA  |d UtOrBLW 
043 |a e-ur--- 
049 |a TXAM 
050 0 0 |a PN849.R9  |b N3 
090 |a PN849.R9  |b N3 1971 
245 0 0 |a Nat︠s︡ionalʹnoe i internat︠s︡ionalʹnoe v literature, folʹklore i i︠a︡zyke. :  |b [Sbornik stateĭ /  |c Red. kollegii︠a︡: I.K. Vartichan i dr.]. 
264 1 |a Kishinev :  |b "Shtiint︠s︡a,",  |c 1971. 
300 |a 360 pages ;  |c 22 cm. 
336 |a text  |b txt  |2 rdacontent 
337 |a unmediated  |b n  |2 rdamedia 
338 |a volume  |b nc  |2 rdacarrier 
500 |a At head of title: Akademii︠a︡ nauk Moldavskoĭ SSR. Institut i︠a︡zyka i literatury. 
504 |a Includes bibliographical references. 
650 0 |a Soviet literature. 
651 0 |a Soviet Union  |x Languages. 
650 0 |a National characteristics. 
700 1 |a Vartichan, I. K.,  |e editor. 
710 2 |a Institutul de Limbė shi Literaturė (Akademii︠a︡ de Shtiint︠s︡e a RSSM) 
948 |a cataloged  |b h  |c 2004/6/28  |d c  |e tchubaryan  |f 11:24:14 am 
994 |a E0  |b TXA 
999 |a MARS 
999 f f |s 8773aea7-c0a9-36ea-8540-445e4e5222f3  |i b2c5f699-160f-3a5a-bad7-338816c8d911  |t 0 
952 f f |p ric  |a Texas A&M University  |b Rellis Campus  |c Joint Library Facility  |d Remote Storage  |t 0  |e PN849.R9 N3 1971  |h Library of Congress classification  |i unmediated -- volume  |m A14831982525 
998 f f |a PN849.R9 N3 1971  |t 0  |l Remote Storage